Alberto Lleras (Registro nro. 20661)

Detalles MARC
000 -ENCABEZADO
Número de control [NR] 01067nam a2200265Ia 4500
005 - FECHA Y HORA DE LA ÚLTIMA TRANSACCIÓN
control field 20170207072442.0
008 - DE LONGITUD FIJA DE DATOS DE ELEMENTOS - INFORMACIÓN GENERAL
Elementos de longitud fija [NR] 130821s1997 ck fr 0 dspa d
020 ## - NUMERO INTERNACIONAL NORMALIZADO PARA LIBROS [R]
Número Internacional Normalizado del libro [NR] 958950602X
020 ## - NUMERO INTERNACIONAL NORMALIZADO PARA LIBROS [R]
Número Internacional Normalizado del libro [NR] 9789589506028
040 ## - FUENTE DE CATALOGACION [NR]
Agencia de catalogación original [NR] CO-BoUCM
Idioma de catalogación [NR] spa
Quien Cataloga Saul Niño (Modificó)
Quien Clasifica [Nuevo]
041 00 - CODIGO DE IDIOMA [R]
Código de idioma para texto/pista de sonido o título separado [R] Español
100 1# - ASIENTO PRINCIPAL--NOMBRE PERSONAL [NR]
Nombre personal [NR] Lleras Camargo, Alberto
Fechas asociadas con el nombre [NR] 1906-1990
ID Autoridad 38643
245 10 - MENCION DE TITULO [NR]
Título [NR] Alberto Lleras
Parte restante del título [NR] memorias
Mención de responsabilidad, etc. [NR] Alberto Lleras Camargo ; prólogo de Gabriel García Márquez.
260 ## - PUBLICACION, DISTRIBUCION, ETC. (PIE DE IMPRENTA) [R]
Lugar de publicación, distribución, etc. [R] Bogotá (Colombia)
Nombre del editor, distribuidor, etc. [R] Banco de la República
-- El Áncora
Fecha de publicación, distribución, etc. [R] 1997
300 ## - DESCRIPCION FISICA [R]
Extensión [R] 269 páginas
600 14 - ASIENTO SECUNDARIO DE MATERIA - NOMBRE PERSONAL [R]
Nombre personal [NR] Lleras Camargo, Alberto
Fechas asociadas con el nombre [NR] 1906-1990
Subdivisión de forma [R] Biografías
9 (RLIN) 83412
600 14 - ASIENTO SECUNDARIO DE MATERIA - NOMBRE PERSONAL [R]
Nombre personal [NR] Lleras Camargo, Alberto
Fechas asociadas con el nombre [NR] 1906-1990
Subdivisión de forma [R] Compañeros y Amigos
9 (RLIN) 83920
650 17 - ASIENTO SECUNDARIO DE MATERIA - TERMINO TEMATICO [R]
Término temático o nombre geográfico como elemento de entrada [NR] Estadistas colombianos
9 (RLIN) 14980
Subdivisión de forma [R] Biografías
650 #7 - ASIENTO SECUNDARIO DE MATERIA - TERMINO TEMATICO [R]
Término temático o nombre geográfico como elemento de entrada [NR] Presidentes
9 (RLIN) 22229
Subdivisión general [R] Biografías
651 #4 - ASIENTO SECUNDARIO DE MATERIA - NOMBRE GEOGRAFICO [R]
Nombre geográfico [NR] Colombia
Subdivisión general [R] Historia
-- Frente nacional
Subdivisión cronológica [R] 1958-1974
9 (RLIN) 26606
690 #0 - ASUNTO AGREGADO LOCAL DE ENTRADA - TÉRMINO TEMÁTICO (OCLC, RLIN)
Acceso temático local Biografías
9 (RLIN) 7343
700 1# - ASIENTO SECUNDARIO - NOMBRE PERSONAL [R]
Nombre personal [NR] García Márquez, Gabriel
Fechas asociadas con el nombre [NR] 1928-2014
9 (RLIN) 66009
942 ## - ELEMENTOS DE ENTRADA AGREGADOS (KOHA)
Tipo de ítem principal el descrito en 300a Libro
Tema principal Literatura
Edición 1
Parte restante de la signatura top. L791m
Sistema de clasificación DEWEY
Clasificación 923.1
Existencias
Fecha de último préstamo Total préstamos Total Renewals Signatura topográfica Código de barras Última vez visto Ejemplar Price effective from Tipo de ítem Perdido Sistema de clasificación Dañado No prestable Tipo de ítem específico Suprimido Ubicación habitual Ubicación actual Localización Fecha de creación Forma de adquisición Costo Costo de reposición Proveedor
23/01/2019 8 10 923.1 L791m 100124479 09/12/2025 Ej.2 03/02/2013 Libro   DEWEY     Libro   Claustro Claustro 2do piso 28/02/2012 Donación 26000.00    
      923.1 L791m 100164067 06/12/2024 Ej.3 25/09/2019 Libro   DEWEY     Libro   BodegaJK Claustro Préstamo 2 días después de solicitado 25/09/2019 Donación 0.00 26000.00 12